=LDR 00000nam 2200000 4500 =001 INLIS000000000810416 =005 20251208093252 =035 ##$$a 0010-1225000054 =007 ta =008 251208###########################0###### =020 ##$$a 9789791286114 =082 ##$$a 297.21 =084 ##$$a R 297.21 AZI k =245 ##$$a Keyakinan Ucapan Dan Perbuatan Pembatal Keislaman /$c Dr. Abdul Aziz bin Muhammad bin Ali al-Abdul Lathif =260 ##$$a Jakarta : :$b Darul Haq =300 ##$$a xvi + 792 Halaman ; $c 16 x 24,5 cm